ბათუმის შოთა რუსთაველის სახელმწიფო უნივერსიტეტის ბიბლიოთეკა

Углубленный курс органической химии=Advanced organic chemistry.Книга вторая.Реакции и синтезы. (ბიბ.ჩანაწერი № 36998)

000 -LEADER
fixed length control field 00801nam a2200229Ia 4500
001 - CONTROL NUMBER
control field 2950
003 - CONTROL NUMBER IDENTIFIER
control field GE_BSU
008 - FIXED-LENGTH DATA ELEMENTS--GENERAL INFORMATION
fixed length control field 181216s||||||||xx |||||||||||||| ||und||
040 ## - CATALOGING SOURCE
Transcribing agency GE_BSU
080 ## - UNIVERSAL DECIMAL CLASSIFICATION NUMBER
Universal Decimal Classification number 547(075.8)
100 ## - MAIN ENTRY--PERSONAL NAME
Personal name Кери,Ф. Сандберг,Р.
245 ## - TITLE STATEMENT
Title Углубленный курс органической химии=Advanced organic chemistry.Книга вторая.Реакции и синтезы.
245 ## - TITLE STATEMENT
Remainder of title Учебник.
245 ## - TITLE STATEMENT
Statement of responsibility, etc. Под редакций В.М.Потапова.
250 ## - EDITION STATEMENT
Edition statement Перевод. с англ. в двух книгах.
260 ## - PUBLICATION, DISTRIBUTION, ETC.
Place of publication, distribution, etc. М.
260 ## - PUBLICATION, DISTRIBUTION, ETC.
Name of publisher, distributor, etc. Химия.
260 ## - PUBLICATION, DISTRIBUTION, ETC.
Date of publication, distribution, etc. 1981.
300 ## - PHYSICAL DESCRIPTION
Extent 456 стр. с илл. 26см.
653 ## - INDEX TERM--UNCONTROLLED
Uncontrolled term Углубленный курс органической химии.
942 ## - ADDED ENTRY ELEMENTS (KOHA)
Koha item type წიგნი
ეგზემპლარები
Withdrawn status Lost status Damaged status Not for loan Date acquired Barcode Date last seen Price effective from Koha item type
        2018-12-17 9632 2018-12-17 2018-12-17 წიგნი